| 000 -ლიდერი |
| ფიქსირებული სიგრძის საკონტროლო ველი |
01386nam a22002537a 4500 |
| 003 - საკონტროლო ნომრის იდენტიფიკატორი |
| საკონტროლო ველი |
Ge_BSU |
| 005 - ბოლო ოპერაციის თარიღი და დრო |
| საკონტროლო ველი |
20250522120739.0 |
| 008 - ფიქსირებული სიგრძის მონაცემთა ელემენტები - ზოგადი ინფორმაცია |
| ფიქსირებული სიგრძის საკონტროლო ველი |
250522s2022 ge ||||| |||| 00| 0 geo d |
| 020 ## - წიგნის საერთაშორისო სტანდარტული ნომერი |
| International Standard Book Number |
9789941843792 |
| 041 ## - ენის კოდი |
| Language code of text/sound track or separate title |
geo |
| 080 ## - უნივერსალური ათობითი კლასიფიკაციის ინდექსი |
| Universal Decimal Classification number |
616.895.8 : 159.9 ბ-70 |
| 100 ## - მთავარი ჩანაწერი - პიროვნების სახელი |
| Personal name |
ბინსვანგერი, ლუდვიგ |
| 9 (RLIN) |
25088 |
| 245 ## - ცნობა სათაურის შესახებ |
| Title |
ეგზისტენციალური ანალიზი = Existenzalyse / |
| Statement of responsibility, etc |
ლუდვიგ ბინსვანგერი; მთარგმნელი ვახტანგ გორგიშელი; გარეკანის დიზაინი დაიანა ღონიაძე. |
| 250 ## - გამოცემის ცნობა |
| Edition statement |
I ქართული გამოცემა |
| 264 ## - წარმოების, გამოცემის, დისტრიბუციის და სხვა ცნობები |
| გამოცემის, წარმოების, დისტრიბუციის... ადგილი |
თბილისი : |
| გამოცემის, წარმოების, დისტრიბუციის... სახელწოდება |
გამომცემლობა აქტი, |
| გამოცემის, წარმოების, დისტრიბუციის... თარიღი |
2022. |
| 300 ## - ფიზიკური აღწერა |
| Extent |
280 გვ. ; |
| Other physical details |
21 სმ. |
| 653 ## - INDEX TERM--UNCONTROLLED |
| Uncontrolled term |
ფსიქიატრია |
| 653 ## - INDEX TERM--UNCONTROLLED |
| Uncontrolled term |
შიზოფრენია |
| 653 ## - INDEX TERM--UNCONTROLLED |
| Uncontrolled term |
ადამიანის ფსოქოლოგია |
| 700 ## - ADDED ENTRY--PERSONAL NAME |
| Personal name |
გორგიშელი, ვახტანგ |
| Relator term |
მთარგმნელი |
| 9 (RLIN) |
13944 |
| 700 ## - ADDED ENTRY--PERSONAL NAME |
| Personal name |
ღონიაძე, დაიანა |
| Relator term |
გარეკანის დიზაინერი |
| 9 (RLIN) |
25089 |
| 700 ## - ADDED ENTRY--PERSONAL NAME |
| Personal name |
ცაცუა, გიზო |
| Relator term |
გამომცემელი |
| 9 (RLIN) |
13970 |
| 942 ## - ADDED ENTRY ELEMENTS (KOHA) |
| Source of classification or shelving scheme |
|
| Koha item type |
წიგნი |